<?xml version="1.0" encoding="UTF-8"?>
<record
    xmlns:xsi="http://www.w3.org/2001/XMLSchema-instance"
    xsi:schemaLocation="http://www.loc.gov/MARC21/slim http://www.loc.gov/standards/marcxml/schema/MARC21slim.xsd"
    xmlns="http://www.loc.gov/MARC21/slim">

  <leader>01018nam a22002297a 4500</leader>
  <controlfield tag="005">20241007145543.0</controlfield>
  <datafield tag="010" ind1=" " ind2=" ">
    <subfield code="a">HIN-128532</subfield>
  </datafield>
  <datafield tag="020" ind1=" " ind2=" ">
    <subfield code="c">550.00</subfield>
    <subfield code="a">9789384657475</subfield>
  </datafield>
  <datafield tag="035" ind1=" " ind2=" ">
    <subfield code="a">HN-100878</subfield>
  </datafield>
  <datafield tag="037" ind1=" " ind2=" ">
    <subfield code="b">DBAD</subfield>
  </datafield>
  <datafield tag="082" ind1=" " ind2=" ">
    <subfield code="a">181.499</subfield>
    <subfield code="2">&#x92A;&#x94D;&#x930;&#x925;&#x92E;</subfield>
  </datafield>
  <datafield tag="100" ind1=" " ind2=" ">
    <subfield code="a">&#x913;&#x936;&#x94B;</subfield>
    <subfield code="9">72427</subfield>
  </datafield>
  <datafield tag="245" ind1=" " ind2=" ">
    <subfield code="a">&#x92E;&#x943;&#x924;&#x94D;&#x92F;&#x94B;&#x930;&#x94D;&#x92E;&#x93E; &#x905;&#x92E;&#x943;&#x924;&#x902; &#x917;&#x92E;&#x92F;/</subfield>
    <subfield code="c">&#x913;&#x936;&#x94B;</subfield>
  </datafield>
  <datafield tag="250" ind1=" " ind2=" ">
    <subfield code="a">&#x92A;&#x94D;&#x930;&#x925;&#x92E;</subfield>
  </datafield>
  <datafield tag="260" ind1=" " ind2=" ">
    <subfield code="a">&#x932;&#x916;&#x928;&#x90A;</subfield>
    <subfield code="b">&#x926;&#x93F;&#x935;&#x94D;&#x92F;&#x93E;&#x902;&#x936; &#x92A;&#x92C;&#x94D;&#x932;&#x93F;&#x915;&#x947;&#x936;&#x928;&#x94D;&#x938;</subfield>
    <subfield code="c">2015</subfield>
  </datafield>
  <datafield tag="270" ind1=" " ind2=" ">
    <subfield code="a">&#x92E; &#x907; &#x91C; -222 , &#x92B;&#x947;&#x91C; -1, &#x932; &#x921; &#x905; &#x924;&#x93F;&#x915;&#x94D;&#x915;&#x948;&#x924; &#x930;&#x93E;&#x907; &#x915;&#x949;&#x932;&#x94B;&#x928;&#x940; </subfield>
    <subfield code="b">&#x932;&#x916;&#x928;&#x90A;</subfield>
    <subfield code="e">226017</subfield>
    <subfield code="k">9415185960</subfield>
    <subfield code="k">08960250150</subfield>
    <subfield code="m">divyanshpublications@gmail.com</subfield>
    <subfield code="m">divyanshpublications@yahoo.co.in</subfield>
  </datafield>
  <datafield tag="300" ind1=" " ind2=" ">
    <subfield code="a">286 &#x92A;&#x943;&#x937;&#x94D;&#x920;</subfield>
    <subfield code="c">22&#x938;&#x947;&#x92E;&#x940;. (&#x938;&#x91C;&#x93F;&#x932;&#x94D;&#x926;)</subfield>
  </datafield>
  <datafield tag="650" ind1=" " ind2=" ">
    <subfield code="a">&#x939;&#x93F;&#x928;&#x94D;&#x926;&#x940;  </subfield>
    <subfield code="9">72428</subfield>
  </datafield>
  <datafield tag="700" ind1=" " ind2=" ">
    <subfield code="a">&#x938;&#x902;&#x91C;&#x92F; &#x917;&#x94B;&#x930;&#x93E;</subfield>
    <subfield code="9">69239</subfield>
  </datafield>
  <datafield tag="700" ind1=" " ind2=" ">
    <subfield code="a">&#x905;&#x902;&#x915;&#x941;&#x930; &#x936;&#x94D;&#x930;&#x940;&#x935;&#x93E;&#x938;&#x94D;&#x924;&#x935;</subfield>
    <subfield code="9">69240</subfield>
  </datafield>
  <datafield tag="942" ind1=" " ind2=" ">
    <subfield code="2">ddc</subfield>
    <subfield code="c">HN</subfield>
    <subfield code="h">181.499</subfield>
    <subfield code="m">&#x913;&#x936;&#x94B;</subfield>
    <subfield code="e">2015</subfield>
  </datafield>
  <datafield tag="999" ind1=" " ind2=" ">
    <subfield code="c">206138</subfield>
    <subfield code="d">206138</subfield>
  </datafield>
  <datafield tag="952" ind1=" " ind2=" ">
    <subfield code="0">0</subfield>
    <subfield code="1">0</subfield>
    <subfield code="4">0</subfield>
    <subfield code="7">0</subfield>
    <subfield code="8">NFIC</subfield>
    <subfield code="a">BN</subfield>
    <subfield code="b">BN</subfield>
    <subfield code="d">2024-10-07</subfield>
    <subfield code="e">DBAD</subfield>
    <subfield code="g">550.00</subfield>
    <subfield code="l">1</subfield>
    <subfield code="o">181.499 &#x913;&#x936;&#x94B;</subfield>
    <subfield code="p">HN-100878</subfield>
    <subfield code="r">2025-01-29 00:00:00</subfield>
    <subfield code="s">2025-01-23</subfield>
    <subfield code="t">1</subfield>
    <subfield code="v">550.00</subfield>
    <subfield code="w">2024-10-07</subfield>
    <subfield code="y">HN</subfield>
  </datafield>
</record>
